000 00663nam a2200241Ia 4500
003 OSt
005 20221005132705.0
006 a|||||r|||| 00| 0
007 ta
008 221004b |||||||| |||| 00| 0 mal d
024 _a54441
037 _cTextual
040 _aCRL
_cCRL
_bmal
041 _2mal
_amal
082 _aO32,1GA, J7;K0
100 _aPillai Elamkulan P. N. Kunjan Ed.
_9641490
245 0 _aUnnuneellisandesam
260 _c1960
650 _a MALAYALAM POETRY
_9185636
650 _aMALAYALAM LITERATURE
_938866
942 _hO32,1GA, J7;K0
_cTEXL
_2cc
999 _c1064522
_d1064522